| 000 | 00743nam a2200217 a 4500 | ||
|---|---|---|---|
| 001 | 62932 | ||
| 005 | 20180714065140.0 | ||
| 008 | 150616s1999 sp r 000 0 spa d | ||
| 020 | _a9788489651609 | ||
| 041 | 0 | _aspa | |
| 082 | 0 |
_a649.65 _bLUB |
|
| 100 | 1 |
_aLubich, Chiara, _d1920-2008 _eautor |
|
| 245 | 1 | 3 |
_aEl arte de amar en la familia : _brespuestas para la vida diaria / _cLubich Chiara ; presentación de Anna María y Danilo Zanzucchi. |
| 250 | _aPrimera edición | ||
| 264 | 1 |
_aEspaña : _bEditorial Ciudad Nueva, _c1999 |
|
| 300 |
_a141 páginas ; _c21 cm. |
||
| 336 |
_atexto _2rdacontent |
||
| 337 |
_asin mediación _2rdamedia |
||
| 338 |
_avolumen _2rdacarrier |
||
| 650 | 4 | _aEducación para la vida familiar | |
| 999 |
_c62932 _d62932 |
||